| 000 | 00795nam a22002657a 4500 | ||
|---|---|---|---|
| 001 | 16787401 | ||
| 003 | OSt | ||
| 005 | 20140311162956.0 | ||
| 008 | 110519s2010 ph 000 0 eng | ||
| 010 | _a 2011308042 | ||
| 020 | _a9789710426171 | ||
| 040 |
_aDLC _cDLC |
||
| 042 | _alcode | ||
| 050 | 0 | 0 |
_aR 497 _b.T398 2010 |
| 245 | 0 | 0 |
_aTherapeutic tales : _bhealing, hypnotherapy, and Father Bu / _cedited by Ma. Margarita A. Ramos. |
| 260 |
_aQuezon City : _bDept. of Psychology, Ateneo de Manila University, _c2010. |
||
| 300 |
_axi, 100 p. ; _c23 cm. |
||
| 521 | _aPSYCH | ||
| 650 | _aTherapeutic tales | ||
| 700 | 1 | _aRamos, Ma. Margarita A. | |
| 906 |
_a7 _bcbc _corigode _d4 _encip _f20 _gy-gencatlg |
||
| 942 |
_2lcc _cBK _kFOR |
||
| 999 |
_c39059 _d39059 |
||